000 00788nam a2200241Ia 4500
003 OSt
005 20220923215112.0
006 a|||||r|||| 00| 0
007 ta
008 220922b |||||||| |||| 00| 0 hin d
024 _a175,588
037 _cTextual
040 _aARTS
_cARTS
_bhin
041 _2hin
_ahin
082 _aO152,1wN07, L3
100 _aबच्चन, हरिवंशराय
245 0 _aक्या भूलूं क्या याद करूॅ
246 _aKyā bhūlūan kyā yād karūॅ
250 _aसंस्क0 5
260 _aदिल्ली
_b राजपाल एण्ड सन्ज
_c1973
942 _hO152,1wN07, L3
_cTEXL
_2CC
999 _c329292
_d329292